000 01004nam a2200229Ia 4500
001 15330
005 20260408140501.0
008 260306t2012||||xx |||||||||||||| ||und||
041 _aESP
082 _a532
_bC46 2012
100 _aÇengel, Yunus A.
_eAUT
245 0 _aMecánica de fluidos:
_bfundamentos y aplicaciones
260 _c2012
300 _axiii, 977 páginas :
_c27 cm.
650 _aGEN
654 _aCCN
856 _uhttps://itmsp.museknowledge.com/UCSP?url=https://www.ebooks7-24.com:443/?il=7013&pg=1
_zVersión digital (2018)
856 _uhttps://0u213vmxh-y-https-ebooks7--24-com.itmsp.museknowledge.com/biblioteca.aspx
_zVéase además: Base de datos Ebook7-24
856 _uhttps://0u20fvmxq-y-https-research-ebsco-com.itmsp.museknowledge.com/c/qxo6us/search
_zVéase además: Base de datos EBSCOhost
856 _uhttps://0u21dvmy0-y-https-ebooks-editorialmacro-com.itmsp.museknowledge.com/library
_zVéase además: Base de datos Macro Digital
942 _cLIB
_dJUS
_fJUS
_2ddc
999 _c15330
_d15330